Hauptstädte, die nach ihrem Land benannt sind - Statistiken

Allgemein
  • Dieses Quiz wurde 63 mal gespielt
    33 seit der letzten Aktualisierung
  • Das Durchschnittsergebnis liegt bei 8 aus 18
Antwortstatistiken
Anfangsbuchstabe Land Hauptstadt % Korrekt
V Vatikanstadt
75%
G Guatemala-Stadt
71%
L Luxemburg
63%
M Mexiko-Stadt
58%
M Monaco
58%
P Panama-Stadt
58%
S San Marino
58%
D Dschibuti
54%
A Andorra la Vella
50%
B Brasília
50%
K Kuwait-Stadt
46%
C Santiago de Chile
29%
A Algier
21%
S Singapur
21%
B Bissau
17%
T Tunis
17%
S San Salvador
4%
S Sri Jayewardenepura
4%
Keine übereinstimmenden Quizze gefunden
Verteilung der Resultate
Anzahl Personen mit jedem Resultat
Perzentil nach korrekt beantworteten Fragen
Ihre Resultats-Entwicklung
Sie haben dieses Quiz seit der letzten Aktualisierung nicht gespielt